000 00271nam a2200121Ia 4500
008 190216s9999||||xx |||||||||||||| ||und||
100 _aShiva
245 0 _aSocial Science For X
260 _bShivadas & Sons
_c2003
300 _a196
650 _aEconomics
942 _cREF
999 _c36727
_d36727